000 00514nam a2200217Ia 4500
003 OSt
005 20221005113952.0
006 a|||||r|||| 00| 0
007 ta
008 221004b |||||||| |||| 00| 0 eng d
024 _a69739
037 _cTextual
040 _aCRL
_cCRL
_beng
041 _2eng
_aeng
082 _aX9(F131).2, K4
245 0 _aAluminium industry in India
260 _c1964
650 _aECONOMICS
942 _hX9(F131).2, K4
_cTEXL
_2cc
999 _c1029906
_d1029906